000 00452nam a2200181Ia 4500
001 4081
005 20260306145729.0
008 260306t2003||||xx |||||||||||||| ||spa||
041 _aESP
082 _a306.85
_bH12 Nº 46
100 _aOlías, José María
_eAUT
245 0 _aDesarrollar la inteligencia a través del ajedrez
260 _c2003
300 _a220 páginas :
_c19 cm.
650 _aGEN
654 _aCED
942 _cLIB
_dJUS
_fJUS
_2ddc
_n
999 _c4081
_d4081